00206nam a2200085Ia 4500008004100000100000900041245003600050260002500086260000900111170620s9999 xx 000 0 und d aGaur 0aArms - Ammunitions & Explosives bEastren book Company c1990